Nghiên cứu chiết tách, xác định carotene trong củ cà rốt

Tổng quan đề tài: Giới thiệu cây cà rốt. Caretene ...Nguyên liệu và phương pháp nghiên cứu . Kết quả và thảo luận.

Đã lưu trong:
Bibliografiske detaljer
Hovedforfatter: Trần, Thu Hiền (Tác giả)
Andre forfattere: Đỗ Thị Thúy Vân Th.S (Hướng dẫn)
Format: Bog
Sprog:Vietnamese
Udgivet: Đà Nẵng Đại học Sư phạm 2011
Fag:
Tags: Tilføj Tag
Ingen Tags, Vær først til at tagge denne postø!
Thư viện lưu trữ: Mạng thư viện Đại học Đà Nẵng
LEADER 01157nam a2200325 4500
001 000012588
003 8893
005 20120222140201.0
008 120222s2011 viesd
041 |a vie 
072 |a Khóa luận tốt nghiệp 
082 |a 664.804022  |b TR-H 
100 |a Trần, Thu Hiền  |e Tác giả 
245 |a Nghiên cứu chiết tách, xác định carotene trong củ cà rốt  |c Trần Thu Hiền 
260 |a Đà Nẵng  |b Đại học Sư phạm  |c 2011 
300 |a 48 tr.  |c 29 cm 
500 |a Khóa luận tốt nghiệp khoa Hóa. Lớp 07 CHD. Ngành: Cử nhân Hóa Dược 
520 |a Tổng quan đề tài: Giới thiệu cây cà rốt. Caretene ...Nguyên liệu và phương pháp nghiên cứu . Kết quả và thảo luận. 
653 |a Cây cà rốt 
653 |a Carotene 
653 |a Nghiên cứu 
700 |a Đỗ Thị Thúy Vân  |c Th.S  |e Hướng dẫn 
OWN |a LSP 
999 |a From the UDN01 
TYP |a Monograph 
TYP |a Printed language 
980 |a Mạng thư viện Đại học Đà Nẵng